La retreta del desierto, de "clarin", 25 de octubre de 1962 (b.a.) /
Guardado en:
| Autor Principal: | |
|---|---|
| Formato: | Libro |
| Publicado: |
Trenque Lauquen :
Semana Nacional De Las CampaÑas Al Desierto,
1969
|
| Materias: | |
| Etiquetas: |
Agregar Etiqueta
Sin Etiquetas, Sea el primero en etiquetar este registro!
|
| LEADER | 00610nam a22001695a 4500 | ||
|---|---|---|---|
| 001 | EHU.bham015213 | ||
| 003 | AR-BHAM | ||
| 005 | 20100408192300.0 | ||
| 008 | 130507s1969##################000#0#####d | ||
| 082 | 9 | 8 | |a 982.705 |
| 100 | 1 | |a Martinez Zuviria, Gustavo | |
| 245 | 1 | 0 | |a La retreta del desierto, de "clarin", 25 de octubre de 1962 (b.a.) / |c Gustavo Martinez Zuviria |
| 260 | |a Trenque Lauquen : |b Semana Nacional De Las CampaÑas Al Desierto, |c 1969 | ||
| 300 | |a 11 p. | ||
| 500 | |a Material Extraviado | ||
| 653 | |a Historia de argentina-patagonia | ||
| 859 | |a AR-BHAM |b BIB. HUMANIDADES - No Disponible |h 982.705 |i M366 |p 7.80 |t Ej.1 | ||
